| 000 | 00766 a2200193 4500 | ||
|---|---|---|---|
| 999 |
_c8538 _d8538 |
||
| 020 | _a0415103495 (pbk.) | ||
| 050 | 0 | 0 | _aPN2061BOA 1995 |
| 100 | 1 |
_aBoal, Augusto. _eauthor |
|
| 245 | 1 | 4 |
_aThe rainbow of desire : _bthe Boal method of theatre and therapy / _cAugusto Boal ; translated by Adrian Jackson. |
| 264 |
_aLondon: _bNew York., _c1995 |
||
| 300 |
_axxvi, 188 p. : _bill. ; |
||
| 500 | _alncludes index | ||
| 650 | 0 | _aActing. | |
| 650 | 0 |
_aTheater _xPolitical aspects. |
|
| 650 | 0 |
_aTheater _xPsychological aspects. |
|
| 856 | 4 | 2 |
_3Publisher description _uhttp://www.loc.gov/catdir/enhancements/fy0648/94013955-d.html |
| 942 |
_2lcc _cBK _h2061 _iBOA _kPN |
||